[Event "Moscow Time of the First U15"]
[Site "Moscow"]
[Date "2019.06.22"]
[Round "8"]
[White "Skripchenko, Ignat"]
[Black "Shirokikh, Ivan"]
[Result "1/2-1/2"]
[WhiteElo "1516"]
[BlackElo "1424"]
[PlyCount "82"]
[EventDate "2019.06.17"]
[EventType "swiss"]
[EventRounds "9"]
[EventCountry "RUS"]
[SourceTitle "EXT 2021"]
[Source "ChessBase"]
[SourceDate "2020.10.23"]
[SourceVersion "1"]
[SourceVersionDate "2020.10.23"]
[SourceQuality "1"]

1. d4 f5 2. g3 Nf6 3. Bg2 e6 4. Nf3 c6 5. 0-0 d5 6. c4 Be7 7. b3 0-0 8. Ba3 Bxa3 9. Nxa3 Qe7 10. Nc2 Nbd7 11. Nce1 Ne4 12. Nd3 g5 13. Nfe5 Nxe5 14. Nxe5 g4 15. e3 Ng5 16. c5 Bd7 17. b4 Rf6 18. a4 h5 19. Rb1 Kg7 20. Qc1 Rh6 21. b5 h4 22. e4 Nxe4 23. Bxe4 dxe4 24. bxc6 Bxc6 25. Nxc6 bxc6 26. a5 Rc8 27. a6 Rc7 28. Qf4 hxg3 29. fxg3 Kg6 30. Qe5 Rh7 31. Rb2 Qf6 32. Rfb1 Qxe5 33. dxe5 Kg5 34. Rb7 f4 35. Rxc7 Rxc7 36. Rb7 Rc8 37. gxf4+ Kxf4 38. Rxa7 Kxe5 39. Rd7 Rb8 40. a7 Rb1+ 41. Kf2 Ra1 1/2-1/2

[Event "Moscow Time of the First U15"]
[Site "Moscow"]
[Date "2019.06.20"]
[Round "5"]
[White "Vetrov, Ivan"]
[Black "Skripchenko, Ignat"]
[Result "1/2-1/2"]
[WhiteElo "1744"]
[BlackElo "1516"]
[PlyCount "125"]
[EventDate "2019.06.17"]
[EventType "swiss"]
[EventRounds "9"]
[EventCountry "RUS"]
[SourceTitle "EXT 2021"]
[Source "ChessBase"]
[SourceDate "2020.10.23"]
[SourceVersion "1"]
[SourceVersionDate "2020.10.23"]
[SourceQuality "1"]

1. d4 Nf6 2. c4 g6 3. Nc3 Bg7 4. e4 d6 5. Nf3 0-0 6. Be2 e5 7. 0-0 Nc6 8. d5 Ne7 9. Qc2 Ne8 10. Rd1 f5 11. Ng5 h6 12. Ne6 Bxe6 13. dxe6 Qc8 14. Qb3 c5 15. Nd5 Nc6 16. exf5 gxf5 17. e7 Rf7 18. Bh5 Nxe7 19. Bxf7+ Kxf7 20. Qf3 Nxd5 21. Rxd5 Ke7 22. Rd1 Nf6 23. Qg3 Qg8 24. Qd3 Qe6 25. Rb1 Rg8 26. b4 Nd7 27. bxc5 Nxc5 28. Qd5 Rc8 29. Ba3 b6 30. Bxc5 Rxc5 31. Qa8 Rc7 32. Rb4 e4 33. Qd5 Qxd5 34. Rxd5 Ke6 35. Kf1 Be5 36. h3 Bc3 37. Ra4 Be5 38. Rd1 Rg7 39. Rb4 Bc3 40. Rb5 Be5 41. a4 Rc7 42. Rc1 Bd4 43. a5 bxa5 44. Rxa5 Bb6 45. Ra4 Rg7 46. Rd1 Rc7 47. Re1 Bc5 48. Rb1 Bb6 49. g4 Rf7 50. gxf5+ Rxf5 51. c5 Bxc5 52. Rxe4+ Kd5 53. Re2 Rg5 54. Rd1+ Kc6 55. Re6 h5 56. Rd3 Rf5 57. f3 Rg5 58. f4 Rf5 59. Rf3 Kd5 60. Rg6 Ke4 61. Ke2 Rxf4 62. Re6+ Kf5 63. Rf6+ 1/2-1/2